000
00268nam a2200097Ia 4500
001
653892
005
20250826154507.0
008
250824s9999 xx 000 0 und d
245
0
_a
TURGUT REİS Denizler Hâkimi
_c
İBRAHİM ÜNSAL
260
_b
GENÇ HAYAT ÇOCUK YAYINLARI
999
_c
653892
_d
653892